[Event "Guimaraes Open 2018"]
[Site "Guimaraes"]
[Date "2018.10.07"]
[Round "7"]
[White "Dias, Ivo Rodrigues"]
[Black "Bazan Solera, Manuel"]
[Result "1-0"]
[WhiteElo "2174"]
[BlackElo "1932"]
[Annotator "NA"]
[PlyCount "75"]
[EventDate "2018.10.04"]
[EventType "swiss"]
[EventCountry "POR"]
[SourceTitle "playchess.com"]
[Source "ChessBase"]
[SourceQuality "1"]
[TimeControl "5400+30"]

1. e4 {[%emt 0:00:00]} d6 {[%emt 0:00:00]} 2. d4 {[%emt 0:00:00]} g6 {[%emt 0:00:00]} 3. Nc3 {[%emt 0:00:00]} Bg7 {[%emt 0:00:00]} 4. Bg5 {[%emt 0:00:33]} c6 {[%emt 0:00:02]} 5. Qd2 {[%emt 0:00:11]} Qa5 {[%emt 0:00:38]} 6. f4 {[%emt 0:00:46]} h6 {[%emt 0:06:24] B06: Modern Defence} 7. Bh4 {[%emt 0:00:21]} Qh5 $146 {[%emt 0:01:39]} ({Predecessor:} 7... Nf6 8. Nf3 Bg4 9. Bd3 Bxf3 10. gxf3 Qh5 11. Qf2 Nbd7 12. O-O-O Qa5 13. e5 Nd5 14. Nxd5 cxd5 {½-½ (43) Stojanovic,D (2481)-Arapovic,V (2366) Bihac 2010}) 8. Bf2 {[%emt 0:02:04]} Bg4 {[%emt 0:00:57]} 9. Nge2 $2 {[%emt 0:03:26]} (9. h3 $18) 9... Bxe2 {[%emt 0:01:02]} 10. Bxe2 {[%emt 0:00:11]} Qa5 {[%emt 0:00:08]} 11. e5 {[%emt 0:03:38]} d5 {[%emt 0:00:59]} 12. O-O-O {[%emt 0:01:33]} e6 {[%emt 0:01:41]} 13. Kb1 {[%emt 0:00:09]} Ne7 {[%emt 0:00:08]} 14. g4 {[%emt 0:02:03]} Nd7 {[%emt 0:00:37]} 15. Bh4 {[%emt 0:03:18]} b5 {[%emt 0:01:08]} 16. Bxe7 {[%emt 0:02:49]} b4 {[%emt 0:00:29]} 17. Nxd5 {[%emt 0:02:28]} cxd5 {[%emt 0:03:32]} 18. Bxb4 {[%emt 0:00:13]} Qb6 {[%emt 0:00:16]} 19. f5 {[%emt 0:00:13]} a5 {[%emt 0:00:35]} 20. Ba3 {[%emt 0:00:29]} Bf8 {[%emt 0:00:12]} 21. Bxf8 {[%emt 0:04:30]} Kxf8 {[%emt 0:02:52]} 22. Rhf1 {[%emt 0:00:28]} Rb8 {[%emt 0:00:45]} 23. c4 {[%emt 0:00:12]} Kg7 {[%emt 0:00:46]} 24. c5 {[%emt 0:03:13]} Qb4 {[%emt 0:00:20]} 25. Qxb4 {[%emt 0:01:24]} Rxb4 {[%emt 0:00:11]} 26. a3 {[%emt 0:00:47]} Rb3 {[%emt 0:00:37]} 27. Rf3 {[%emt 0:00:30]} Rhb8 {[%emt 0:00:15]} 28. Rxb3 {[%emt 0:00:25]} Rxb3 {[%emt 0:00:06]} 29. c6 {[%emt 0:01:01]} Nb6 {[%emt 0:00:52]} 30. c7 $18 {[%emt 0:01:29]} exf5 {[%emt 0:03:09]} 31. gxf5 {[%emt 0:00:14]} gxf5 {[%emt 0:00:09]} 32. Rd3 {[%emt 0:01:14]} Rxd3 {[%emt 0:01:07]} 33. Bxd3 {[%emt 0:00:01]} f4 {[%emt 0:00:16]} 34. Ba6 {[%emt 0:00:29]} f3 {[%emt 0:01:06]} 35. c8=Q {[%emt 0:00:14]} Nxc8 {[%emt 0:00:03]} 36. Bxc8 {[%emt 0:00:09]} f2 {[%emt 0:00:18]} 37. Bh3 {[%emt 0:00:06]} Kg6 {[%emt 0:00:01]} 38. b4 {[%emt 0:00:09]} 1-0

[Event "Guimaraes Open 2018"]
[Site "Guimaraes"]
[Date "2018.10.07"]
[Round "7"]
[White "Represa Perez, Mireya"]
[Black "Pazos Porta, Antonio"]
[Result "0-1"]
[WhiteElo "2151"]
[BlackElo "2323"]
[Annotator "TA"]
[PlyCount "130"]
[EventDate "2018.10.04"]
[EventType "swiss"]
[EventCountry "POR"]
[SourceTitle "playchess.com"]
[Source "ChessBase"]
[SourceQuality "1"]

{[%evp 21,130,-7,0,-25,0,-24,1,-42,0,0,0,0,0,-28,-20,-16,6,0,0,-41,-38,-41,-37,-41,-41,-51,0,0,0,0,93,92,97,60,90,94,104,6,5,7,16,0,0,0,2,0,0,0,36,0,66,-5,0,0,47,38,52,67,52,13,9,0,0,0,0,0,0,0,0,0,0,0,0,0,0,-3,-3,-3,0,0,0,-8,-8,-8,-8,-8,-8,-14,0,-8,-8,-14,-14,-157,-157,-29974,-29975,-29975,-29976,-29967,-29972,-29981,-29975,-29979,-29951,-29988,-29989,-29990,-29991,-29993,-29994]} 1. e4 c5 2. Nf3 e6 3. d4 cxd4 4. Nxd4 a6 5. Nc3 Qc7 6. g3 Bb4 7. Nde2 Nf6 8. Bg2 Nc6 9. O-O Be7 10. a4 d6 11. h3 {B43: Sizilianisch (Paulsen-Variante)} O-O {LiveBook: 10 Partien} 12. f4 (12. g4 Rb8 13. Ng3 b5 14. axb5 axb5 15. g5 Nd7 16. f4 b4 17. Nce2 Re8 18. h4 {0-1 (42) Dzhumaev,M (2528)-Ghaem Maghami,E (2591) Teheran 2014}) 12... Rb8 13. g4 {Die Stellung ist ausgeglichen.} Re8 14. Ng3 b5 (14... d5 $5) 15. axb5 axb5 16. g5 Nd7 17. f5 b4 $146 ({Vorgänger:} 17... g6 18. fxe6 fxe6 19. Be3 {½-½ (42) Hernandez,A (2260)-Jodorcovsky Werjivker,P (2295) Roque Saenz Pena 1997}) 18. Nce2 Bf8 19. Nf4 Nce5 20. Kh1 {[#]} b3 $1 {[%mdl 512]} 21. c3 (21. cxb3 Nc5) 21... Nc5 22. g6 hxg6 23. fxg6 Nxg6 (23... fxg6 $15 24. Nxg6 Nxg6) 24. Nxg6 $11 fxg6 25. Qg4 e5 (25... Kh7 $1 $11) 26. Qxg6 $16 Re6 27. Qh5 Bb7 28. Be3 Qd7 29. Rad1 (29. h4 $16) 29... Qe8 $1 $11 30. Qxe8 Rbxe8 31. Bxc5 dxc5 32. Bf3 Be7 33. Kh2 Bg5 34. Be2 $36 {[%mdl 2048] Weiss hat gut koordiniertes Spiel.} Rh6 35. Bc4+ (35. Nf5 $5 {[%cal Rd1d7]} Bf4+ 36. Rxf4 exf4 37. Bb5 $14) 35... Kh8 ({Lieber} 35... Kh7 $1 $11) 36. Rf7 (36. Nf5 $14) 36... Bc8 37. Nf5 Bf4+ (37... Bxf5 $5 38. exf5 e4 $11) 38. Kg2 Rg6+ 39. Kf2 {Und Lb5 würde nun gewinnen.} Bxf5 40. Rxf5 {Lf7 ist eine echte Drohung.} (40. exf5 {feels hotter.} Rg5 41. Rdd7 Bg3+ 42. Ke2 Bh4 43. f6) 40... Rh6 41. Kg2 Kh7 42. Rf7 Ra8 43. Rb7 Rg6+ 44. Kf2 Rf8 {zielt auf ...Lh6+ ab.} 45. Rf7 ({Vergiftet wäre} 45. Rxb3 $2 Bh6+ 46. Ke1 Rg1+ 47. Ke2 Rg2+ 48. Ke1 Bg5 $19) 45... Rxf7 46. Bxf7 {[%mdl 4096] Endspiel KTL-KTL} Rf6 47. Bxb3 Rb6 48. Bd5 Rxb2+ 49. Kf3 Rc2 50. Rd3 Kg6 51. c4 Kg5 52. Be6 g6 53. Bg8 Bc1 54. Kg3 Bf4+ 55. Kf3 Bh2 56. Bf7 Bg1 57. Be6 {[#]} (57. Kg3 $1 $11 {bleibt in der Remisbreite.}) 57... Kh4 $1 $17 58. Rd6 $2 (58. Rd1 $17 Bd4 59. Rf1) 58... Bd4 {Schwarz setzt Matt.} 59. Rxd4 cxd4 {KT-KL} 60. Bf7 Rc3+ 61. Kg2 Kg5 62. Bd5 Kf4 63. Kf2 Rc2+ 64. Ke1 Ke3 {[%cal Rc2c1]} 65. Kd1 d3 {Precision: Weiß = 38%, Schwarz = 66%.} 0-1

[Event "Guimaraes Open 2018"]
[Site "Guimaraes"]
[Date "2018.10.07"]
[Round "7"]
[White "Dias, Ricardo Pedro Cruz"]
[Black "Machado, Tomas Dias"]
[Result "1/2-1/2"]
[WhiteElo "2098"]
[BlackElo "1966"]
[Annotator "NA"]
[PlyCount "34"]
[EventDate "2018.10.04"]
[EventType "swiss"]
[EventCountry "POR"]
[SourceTitle "playchess.com"]
[Source "ChessBase"]
[SourceQuality "1"]
[TimeControl "5400+30"]

1. e4 {[%emt 0:00:00]} c5 {[%emt 0:02:24]} 2. Nf3 {[%emt 0:00:00]} Nc6 {[%emt 0:00:04]} 3. d4 {[%emt 0:00:01]} cxd4 {[%emt 0:00:04]} 4. Nxd4 {[%emt 0:00:07]} Nf6 {[%emt 0:01:54]} 5. Nc3 {[%emt 0:00:05]} e5 {[%emt 0:00:04]} 6. Ndb5 {[%emt 0:00:09]} d6 {[%emt 0:00:03]} 7. Bg5 {[%emt 0:00:12]} a6 {[%emt 0:00:05]} 8. Na3 {[%emt 0:00:04]} b5 {[%emt 0:00:03]} 9. Bxf6 {[%emt 0:00:06]} gxf6 {[%emt 0:00:47]} 10. Nd5 {[%emt 0:00:06]} f5 {[%emt 0:00:03]} 11. Bd3 {[%emt 0:00:51]} Be6 {[%emt 0:00:25]} 12. O-O {[%emt 0:01:43]} Rg8 {[%emt 0:15:11]} 13. Qh5 {[%emt 0:03:50]} Rg5 {[%emt 0:13:59]} 14. Qxh7 {[%emt 0:01:33]} Rg6 {[%emt 0:00:28]} 15. f4 $17 {[%emt 0:11:41]} (15. exf5 $11 Rh6 16. fxe6 Rxh7 17. e7 Bxe7 18. Bxh7) 15... Rh6 {[%emt 0:01:28]} 16. Qg8 {[%emt 0:00:04]} Rg6 {[%emt 0:00:23]} 17. Qh7 {[%emt 0:00:19]} Rh6 {[%emt 0:00:05]} 1/2-1/2

[Event "Guimaraes Open 2018"]
[Site "Guimaraes"]
[Date "2018.10.07"]
[Round "7"]
[White "Fernandes, Ricardo Paulos"]
[Black "Fonseca, Pedro Miguel Ramos "]
[Result "1-0"]
[WhiteElo "2098"]
[BlackElo "1437"]
[Annotator "NA"]
[PlyCount "91"]
[EventDate "2018.10.04"]
[EventType "swiss"]
[EventCountry "POR"]
[SourceTitle "playchess.com"]
[Source "ChessBase"]
[SourceQuality "1"]
[TimeControl "5400+30"]

1. Nf3 {[%emt 0:00:00]} Nf6 {[%emt 0:00:00]} 2. g3 {[%emt 0:00:00]} d5 {[%emt 0:00:00]} 3. Bg2 {[%emt 0:00:00]} c6 {[%emt 0:00:09]} 4. O-O {[%emt 0:00:26]} Bf5 {[%emt 0:01:39]} 5. d3 {[%emt 0:00:04]} e6 {[%emt 0:00:48]} 6. Nbd2 {[%emt 0:01:51]} h6 {[%emt 0:00:48]} 7. c4 {[%emt 0:00:43]} Be7 {[%emt 0:01:05]} 8. a3 {[%emt 0:00:40]} a5 {[%emt 0:00:38]} 9. b3 Nbd7 {[%emt 0:00:56]} 10. Bb2 {[%emt 0:01:20]} O-O {[%emt 0:01:10]} 11. Rc1 {[%emt 0:02:54]} Qb6 {[%emt 0:02:18]} 12. d4 {[%emt 0:05:50] A12: Reti-Eröffnung (New-Yorker-System)} (12. Qc2 Rfd8 13. Rfe1 Ng4 14. e3 Nc5 15. Bd4 Qa6 16. Bf1 dxc4 17. Nxc4 Nd7 18. Qb2 Ngf6 19. Bc3 b5 20. Nxa5 {½-½ (40) Zhao,X (2514)-Kosteniuk,A (2541) Beijing 2014}) 12... Rfe8 $146 {[%emt 0:05:14]} ({Vorgänger:} 12... Ne4 13. c5 Qc7 14. Ne5 Nexc5 15. Nxc6 bxc6 16. dxc5 Nxc5 17. Bd4 Ne4 18. Nxe4 dxe4 19. Bc5 Rfd8 {½-½ (30) Peacock,M (2123)-Ilett,R (1886) Coventry 2015}) 13. c5 {[%emt 0:05:00]} Qc7 {[%emt 0:02:40]} 14. Re1 {[%emt 0:00:49]} b5 {[%emt 0:05:12]} 15. Nh4 {[%emt 0:21:28]} Bh7 {[%emt 0:00:30]} 16. f4 {[%emt 0:00:40]} Ng4 {[%emt 0:07:00]} 17. e4 {[%emt 0:00:06]} Bxh4 {[%emt 0:00:39]} 18. Qxg4 {[%emt 0:00:03]} Be7 {[%emt 0:03:01]} 19. e5 {[%emt 0:03:26]} a4 {[%emt 0:03:11]} 20. b4 {[%emt 0:01:19]} Bf5 {[%emt 0:03:07]} 21. Qe2 {[%emt 0:01:58]} Bf8 {[%emt 0:04:05]} 22. Rf1 {[%emt 0:01:39]} Bh7 {[%emt 0:02:41]} 23. Bh3 {[%emt 0:01:07]} g6 {[%emt 0:02:08]} ({Black should play} 23... Be7 $14) 24. g4 {[%emt 0:01:46]} Qd8 {[%emt 0:02:40]} 25. Kh1 {[%emt 0:02:57]} f5 {[%emt 0:02:57]} 26. exf6 {[%emt 0:03:14]} Qxf6 {[%emt 0:00:49]} 27. Rce1 {[%emt 0:18:52]} g5 {[%emt 0:03:27]} 28. fxg5 {[%emt 0:06:52]} Qxg5 {[%emt 0:00:26]} 29. Nf3 {[%emt 0:00:12]} Qg7 {[%emt 0:05:41]} 30. g5 {[%emt 0:00:16]} Bf5 {[%emt 0:00:15]} 31. gxh6 {[%emt 0:00:50]} Qxh6 {[%emt 0:01:09]} 32. Rg1+ {[%emt 0:01:01]} Kh8 $1 {[%emt 0:01:27]} 33. Ng5 {[%emt 0:10:42]} Qg6 {[%emt 0:03:56]} 34. Nf3 {[%emt 0:03:08]} Qh6 {[%emt 0:00:20]} 35. Bxf5 {[%emt 0:03:02]} exf5 {[%emt 0:00:08]} 36. Ne5 {[%emt 0:01:24]} Nxe5 {[%emt 0:02:35]} 37. dxe5 {[%emt 0:00:03]} Re6 {[%emt 0:01:34]} 38. Qf3 $18 {[%emt 0:00:59]} Qh7 {[%emt 0:01:45]} 39. Rg5 {[%emt 0:00:29]} Bg7 {[%emt 0:02:17]} 40. Reg1 {[%emt 0:01:25]} Rh6 {[%emt 0:00:56]} 41. Qf2 {[%emt 0:00:13]} Rg8 {[%emt 0:01:28]} 42. e6 {[%emt 0:00:11]} d4 {[%emt 0:02:21]} 43. Bxd4 {[%emt 0:00:32]} f4 {[%emt 0:00:24]} 44. Bxg7+ {[%emt 0:00:46]} Rxg7 {[%emt 0:00:04]} 45. Rxg7 {[%emt 0:00:34]} Qe4+ {[%emt 0:00:12]} 46. Qg2 {[%emt 0:00:26]} 1-0

[Event "Guimaraes Open 2018"]
[Site "Guimaraes"]
[Date "2018.10.07"]
[Round "7"]
[White "Fernandes, Miguel Antonio"]
[Black "Chueca Forcen, Alberto"]
[Result "0-1"]
[WhiteElo "2048"]
[BlackElo "2278"]
[Annotator "NA"]
[PlyCount "52"]
[EventDate "2018.10.04"]
[EventType "swiss"]
[EventCountry "POR"]
[SourceTitle "playchess.com"]
[Source "ChessBase"]
[SourceQuality "1"]
[TimeControl "5400+30"]

1. d4 {[%emt 0:00:00]} d5 {[%emt 0:02:14]} 2. c4 {[%emt 0:00:00]} dxc4 {[%emt 0:00:06]} 3. e4 {[%emt 0:00:25]} Nf6 {[%emt 0:00:04]} 4. Nc3 {[%emt 0:00:15]} e5 {[%emt 0:00:25]} 5. d5 {[%emt 0:00:57]} c6 {[%emt 0:00:15]} 6. Bxc4 {[%emt 0:00:11]} b5 {[%emt 0:00:05]} 7. Bb3 {[%emt 0:03:43] D20: Queen's Gambit Accepted: 3 e3 and 3 e4} b4 {[%emt 0:00:08]} 8. Na4 {[%emt 0:00:26]} cxd5 {[%emt 0:01:19]} 9. Bg5 $146 {[%emt 0:06:19]} ({Predecessor:} 9. Nf3 Be7 10. Bg5 Nbd7 11. exd5 Bd6 12. Nd2 O-O 13. Nc4 Bc5 14. O-O Bd4 {½-½ (64) Jelling,E (2365)-Fedder,S (2400) Denmark 1991}) 9... Bb7 {[%emt 0:08:09]} 10. Nf3 {[%emt 0:03:44]} Be7 {[%emt 0:07:31]} 11. exd5 {[%emt 0:03:38]} e4 {[%emt 0:03:28]} 12. Nh4 {[%emt 0:04:29]} g6 {[%emt 0:11:44]} 13. Qd4 {[%emt 0:02:51]} ({Lieber} 13. d6 $11 Bxd6 14. Nc5) 13... Nc6 {[%emt 0:07:16]} 14. Qd2 {[%emt 0:01:38]} Na5 {[%emt 0:07:31]} 15. Qf4 {[%emt 0:06:31]} Nxb3 {[%emt 0:06:50]} 16. axb3 {[%emt 0:02:27]} Nxd5 {[%emt 0:07:24]} 17. Qxe4 {[%emt 0:01:10]} O-O {[%emt 0:00:58]} 18. Bxe7 {[%emt 0:01:19]} Re8 {[%emt 0:00:46]} 19. O-O {[%emt 0:00:53]} Rxe7 {[%emt 0:00:45]} 20. Qd4 {[%emt 0:02:09]} Rc8 {[%emt 0:07:50]} 21. Rfd1 {[%emt 0:03:28]} Qc7 {[%emt 0:01:52]} 22. Qd2 {[%emt 0:04:05]} Nf4 {[%emt 0:02:04]} 23. Re1 {[%emt 0:04:07]} Rce8 $19 {[%emt 0:03:47]} 24. Qxb4 {[%emt 0:03:51]} Ne2+ {[%emt 0:03:49]} 25. Kh1 {[%emt 0:00:47]} Re4 {[%emt 0:00:57]} 26. Qc5 {[%emt 0:00:06]} Qxh2+ {[%emt 0:00:33]} 0-1

[Event "Guimaraes Open 2018"]
[Site "Guimaraes"]
[Date "2018.10.07"]
[Round "7"]
[White "Sousa, Hugo Carneiro"]
[Black "Pinho, Paulo Miguel Leitao"]
[Result "0-1"]
[WhiteElo "2014"]
[BlackElo "2212"]
[Annotator "TA"]
[PlyCount "132"]
[EventDate "2018.10.04"]
[EventType "swiss"]
[EventCountry "POR"]
[SourceTitle "playchess.com"]
[Source "ChessBase"]
[SourceQuality "1"]

{[%evp 11,132,-4,-7,-17,-8,-7,-20,-14,-13,-19,0,-20,0,0,0,-14,30,0,26,16,26,0,0,-15,4,0,0,0,35,29,29,28,32,25,39,27,27,24,30,22,41,0,38,24,24,24,24,24,33,0,0,0,14,-129,48,14,40,-70,0,-119,14,-111,21,0,0,-191,5,13,16,30,99,102,139,131,126,131,134,134,244,221,172,113,132,113,112,108,138,153,106,104,134,116,112,0,0,0,151,0,6,0,339,0,0,0,0,-752,-727,-718,-716,-712,-701,-925,-917,-1061,-659,-1166,-1141,-1031,-889,-29983,-29984,-29984,-1130]} 1. e4 c5 2. Nc3 e6 3. f4 d5 4. Nf3 Nf6 5. Bb5+ Bd7 6. Bxd7+ Qxd7 7. d3 {B23: Closed Sicilian: Lines without g3} Nc6 8. O-O Be7 9. Ne5 {The position is equal.} Qc7 10. Nxc6 Qxc6 11. Qe2 $146 O-O-O 12. b3 Kb8 13. Bb2 c4 14. e5 Nd7 15. d4 Bb4 16. Qe3 Rc8 17. Rac1 g6 18. a3 {[%cal Ba2a3,Ba3a4][%mdl 32]} Be7 19. b4 {[%cal Bb3b4,Bb4b5][%mdl 32]} Nb6 20. b5 Qd7 21. a4 Bb4 22. Ra1 Rcg8 23. Ba3 Bxa3 24. Rxa3 Nc8 25. Nd1 Ne7 26. g4 Rg7 27. Qf2 Rf8 28. Qe2 Ka8 29. Ne3 Ng8 30. g5 h6 31. h4 Rh7 32. Kg2 (32. Qe1 $11) 32... Ne7 $2 (32... hxg5 $17 {...Qe7 is the strong threat.} 33. hxg5 Ne7) 33. Rh1 Rfh8 {Black wants to play ...hxg5.} 34. Raa1 ({White should play} 34. Ng4 $14) 34... Qd8 (34... hxg5 $15 35. hxg5 Qd8) 35. c3 (35. Qe1 $11 {keeps the balance.}) 35... Qa5 ({Black should try} 35... hxg5 $17 36. hxg5 Rxh1 37. Rxh1 Rxh1 38. Kxh1 Qa5) 36. Qc2 (36. Qe1 $11) 36... Nc8 (36... hxg5 $17 37. hxg5 Rxh1 38. Rxh1 Rxh1 39. Kxh1 Nc8) 37. Ng4 hxg5 38. hxg5 $2 (38. fxg5 $11 Rxh4 39. Nh6 Rxh1 40. Rxh1) 38... Rh4 $2 (38... Rxh1 $1 $19 39. Rxh1 Rxh1 40. Kxh1 Nb6) 39. Nh6 $11 Rxf4 40. Raf1 Re4 (40... Rxf1 $11 41. Rxf1 Nb6) 41. Rxf7 $16 Qd8 42. Rf6 Qe8 43. Rhf1 Ne7 {Threatening ...Nf5.} 44. Rxe6 {And now Qf2 would win.} Qd7 (44... Qc8 $16 45. Rxe7 Rg4+ 46. Kf2 (46. Nxg4 Qxg4+ 47. Kf2 Rf8+ 48. Ke1 Qg3+ 49. Qf2 Qxc3+ 50. Ke2 Qc2+ 51. Ke1 Qe4+ 52. Kd1 Qb1+ 53. Ke2 Qd3+ 54. Ke1 Qe4+ 55. Kd1 Qb1+ 56. Ke2 Qc2+ 57. Ke1 Qb1+ 58. Ke2 $11) (46. Kh1 Rxg5 47. Qh2 Rh5 $17) 46... Rf4+ 47. Kg2 (47. Ke2 Rxf1 48. Kxf1 Qh3+ 49. Qg2 Qxc3 $11) 47... Rg4+ 48. Kf2 (48. Nxg4 Qxg4+ 49. Kf2 Rf8+ 50. Ke1 Qg3+ 51. Qf2 Qxc3+ 52. Kd1 Qa1+ 53. Ke2 Qb2+ 54. Kd1 Qb1+ 55. Ke2 Qc2+ 56. Ke1 Qc1+ 57. Ke2 Rxf2+ 58. Rxf2 Qc2+ 59. Kf1 Qc1+ 60. Ke2 Qb2+ 61. Kf1 Qb1+ 62. Kg2 Qe4+ 63. Kf1 a6 $11) (48. Kh1 Rxg5 49. Qh2 Rh5 $17) 48... Rf4+ 49. Kg2 (49. Ke2 Rxf1 50. Kxf1 Qh3+ 51. Qg2 Qxc3 $11) 49... Rxf1 50. Kxf1 Qh3+ 51. Qg2 Qxc3) 45. Rff6 $18 Nf5 46. Nxf5 (46. Qf2 $1 $18) 46... gxf5 $16 47. Rh6 Rg8 48. Reg6 Re8 49. Qf2 f4 {[#]} 50. e6 $1 $36 {[%cal Re6d7][%mdl 2048] Keeping Black busy.} Qd6 51. Rf6 Rg8 52. Rfg6 (52. Rhg6 $16 Rh8 53. a5) 52... Rf8 {aiming for ...f3+.} 53. Rf6 $2 (53. Kh2 $11) 53... Rg8 {[#]} 54. Rfg6 (54. Rhg6 $1 $16 {[%cal Rg6g8]} Re8 55. Rf7) 54... Re8 $11 55. Rf6 b6 $2 {[%mdl 8192]} (55... Rg8 $11) 56. Kf1 $2 (56. Qf3 $18) 56... Qa3 $1 57. Kg2 Qc1 {Threatens to win with ...f3+!} 58. Rh3 $2 {[%mdl 8192]} (58. Rh7 $11) 58... Qd1 $19 59. Rxf4 Re2 60. Rhf3 Rxf2+ 61. Rxf2 Qh5 62. Rf5 Re7 63. Rxd5 {intending Rf8+.} Qg4+ 64. Kf1 Qxe6 {( -> ...Qh3+)} 65. Re5 Qh3+ 66. Kg1 Rxe5 {Precision: White = 38%, Black = 35%.} (66... Qg4+ $142 67. Rg2 Qd1+ 68. Kf2 Rf7+ 69. Kg3 Qd3+ 70. Kh2 Rh7+ 71. Kg1 Qd1+ 72. Kf2 Qd2+ 73. Kg3 Qxc3+ 74. Kf4 Qxd4+ 75. Kf5 Rf7+ 76. Kg6 Qxe5 77. Kxf7 Qd5+ 78. Kg7 Qxg2 79. Kf6 c3 80. a5 bxa5 81. Ke5 Qxg5+ 82. Kd6 c2 83. Kd7 c1=Q 84. b6 axb6 85. Ke8 Qc8+ 86. Kf7 Qcg8#) 0-1

[Event "Guimaraes Open 2018"]
[Site "Guimaraes"]
[Date "2018.10.07"]
[Round "7"]
[White "Cimpean, Andra"]
[Black "Ferreira, Hugo Miguel Da Cost"]
[Result "0-1"]
[WhiteElo "1867"]
[BlackElo "2130"]
[Annotator "NA"]
[PlyCount "122"]
[EventDate "2018.10.04"]
[EventType "swiss"]
[EventCountry "POR"]
[SourceTitle "playchess.com"]
[Source "ChessBase"]
[SourceQuality "1"]
[TimeControl "5400+30"]

1. e4 {[%emt 0:00:00]} c6 {[%emt 0:00:00]} 2. d4 {[%emt 0:00:00]} d5 {[%emt 0:00:00]} 3. Nc3 {[%emt 0:00:00]} dxe4 {[%emt 0:00:00]} 4. Nxe4 {[%emt 0:00:04]} Nf6 {[%emt 0:00:00]} 5. Nxf6+ {[%emt 0:02:07]} gxf6 {[%emt 0:02:29]} 6. c3 {[%emt 0:03:36]} e5 {[%emt 0:01:55] B16: Caro-Kann: Bronstein-Larsen Variation} (6... Bf5 7. Nf3 Nd7 8. g3 Qc7 9. Bg2 e6 10. Nh4 Bg6 11. Bf4 Bd6 12. Bxd6 Qxd6 13. O-O f5 14. b4 Nf6 15. a4 a6 16. Re1 O-O 17. a5 {½-½ (93) Grandelius,N (2646)-Li,C (2755) Stavanger 2016 CBM 172 [Skembris,S]}) 7. Be3 {[%emt 0:07:32]} Be6 {[%emt 0:01:48]} 8. Bd3 $146 {[%emt 0:07:13]} ({Predecessor:} 8. Qh5 Qb6 9. O-O-O Qa5 10. dxe5 Qxa2 11. exf6 Nd7 12. Bd3 O-O-O 13. Bf5 Ba3 14. bxa3 Qxa3+ {0-1 (24) Cristobal,M (2145)-Moreda,L (2322) Mar del Plata 2009}) 8... Nd7 {[%emt 0:08:34]} 9. Nf3 {[%emt 0:03:10]} Qc7 {[%emt 0:12:00]} 10. Nh4 {[%emt 0:07:48]} O-O-O {[%emt 0:02:13]} 11. Nf5 {[%emt 0:02:43]} h5 {[%emt 0:04:04]} 12. Qa4 {[%emt 0:07:12]} Nc5 {[%emt 0:03:05]} 13. dxc5 {[%emt 0:06:35]} Rxd3 {[%emt 0:00:24]} 14. Nd6+ {[%emt 0:00:18]} Bxd6 {[%emt 0:01:01]} 15. cxd6 {[%emt 0:00:18]} Qxd6 {[%emt 0:01:10]} 16. Qxa7 {[%emt 0:01:33]} Rd8 {[%emt 0:01:18]} 17. O-O {[%emt 0:04:07]} Qb8 {[%emt 0:11:08]} 18. Qxb8+ {[%emt 0:00:55]} Kxb8 {[%emt 0:00:39]} 19. a4 {[%emt 0:02:45]} Bc4 {[%emt 0:00:33]} 20. Rfe1 {[%emt 0:00:42]} R8d5 {[%emt 0:01:57]} 21. g3 {[%emt 0:02:44]} Kc7 {[%emt 0:00:23]} 22. a5 {[%emt 0:01:51]} Rb5 {[%emt 0:05:07]} 23. Ra4 {[%emt 0:07:14]} Bb3 {[%emt 0:03:01]} 24. Rh4 {[%emt 0:00:19]} Bd1 {[%emt 0:00:30]} 25. b4 {[%emt 0:03:32]} Rbd5 {[%emt 0:00:20]} 26. c4 {[%emt 0:00:35]} Rd7 {[%emt 0:00:23]} 27. Kg2 {[%emt 0:01:12]} Rb3 {[%emt 0:00:34]} 28. Bb6+ {[%emt 0:00:42]} Kc8 {[%emt 0:00:41]} 29. h3 {[%emt 0:05:00]} Bf3+ {[%emt 0:01:18]} 30. Kh2 {[%emt 0:00:13]} Rdd3 {[%emt 0:02:32]} 31. g4 {[%emt 0:02:19]} hxg4 {[%emt 0:00:05]} 32. hxg4 {[%emt 0:00:23]} Kd7 {[%emt 0:00:03]} 33. Bc5 {[%emt 0:05:34]} Ke6 {[%emt 0:00:39]} 34. Rh8 {[%emt 0:06:33]} Bxg4 {[%emt 0:00:11]} 35. Re8+ {[%emt 0:01:27]} Kf5 {[%emt 0:00:05]} 36. Re7 {[%emt 0:00:40]} Rd8 {[%emt 0:05:24]} 37. Rxb7 $2 {[%emt 0:05:00]} ({But not} 37. Rxf7 $2 Rh8+ 38. Kg2 (38. Kg1 {leads to mate.} Bf3 39. Rxe5+ Kxe5 40. Bd6+ Kf5 41. Rxf6+ Kxf6 42. Be5+ Kxe5 43. Kf1 Rh1#) 38... Bf3+ 39. Kg3 Bd5+ 40. Re3 Rxe3+ 41. fxe3 Bxf7 $19) (37. Be3 $19) 37... Rh8+ {[%emt 0:00:44]} 38. Kg2 {[%emt 0:01:09]} Bf3+ $19 {[%emt 0:00:18]} (38... Rbh3 $142 39. f3 Rh2+ 40. Kf1 Bxf3 41. Re3 Kf4 42. Rxf3+ Kxf3 43. Rxf7 Rh1+ 44. Bg1 Rg8 45. Rxf6+ Ke4 46. Ke2 Rhxg1 47. b5 Ra1 48. Kd2 cxb5 49. cxb5 Rxa5 50. Rh6 Rxb5 51. Rh4+ Kd5 52. Rh7 Rg2+ 53. Kc3 Rc5+ 54. Kb4 Rb2+ 55. Ka3 Rb8 56. Ra7 e4 57. Ka2 e3 58. Rd7+ Ke6 59. Ra7 e2 60. Ra6+ Kf5 61. Ra7 e1=Q 62. Rf7+ Ke6 63. Rf4 Qb1+ 64. Ka3 Qb3#) 39. Kg3 {[%emt 0:00:16]} Be2+ {[%emt 0:01:09]} (39... Rg8+ $142 40. Kh2 Rc3) 40. Be3 {[%emt 0:00:50]} Bxc4 {[%emt 0:00:04]} 41. Ra1 {[%emt 0:01:38]} Bb5 {[%emt 0:00:41]} 42. a6 {[%emt 0:00:40]} Rxb4 {[%emt 0:00:03]} 43. f3 {[%emt 0:01:13]} Rg8+ {[%emt 0:01:41]} 44. Kh3 {[%emt 0:00:51]} Ra8 {[%emt 0:02:03]} 45. Rb6 {[%emt 0:00:59]} Ra4 {[%emt 0:02:33]} 46. Rxa4 {[%emt 0:00:14]} Bxa4 {[%emt 0:00:03]} 47. a7 {[%emt 0:01:02]} Rxa7 {[%emt 0:00:04]} 48. Rxc6 {[%emt 0:00:19]} Bxc6 {[%emt 0:00:10]} 49. Bxa7 {[%emt 0:00:05]} Bxf3 {[%emt 0:00:03]} 50. Kg3 {[%emt 0:00:15]} Ke4 {[%emt 0:00:35]} 51. Kf2 {[%emt 0:00:46]} f5 {[%emt 0:00:07]} 52. Bb8 {[%emt 0:00:06]} Bh5 {[%emt 0:00:10]} 53. Bc7 {[%emt 0:00:11]} f4 {[%emt 0:00:59]} 54. Bb8 {[%emt 0:00:11]} f5 {[%emt 0:00:37]} 55. Bc7 {[%emt 0:00:12]} f3 {[%emt 0:00:04]} 56. Bb8 {[%emt 0:00:20]} f4 {[%emt 0:00:06]} 57. Bc7 {[%emt 0:00:17]} Kf5 {[%emt 0:00:02]} 58. Bb6 {[%emt 0:00:47]} e4 {[%emt 0:00:05]} 59. Bc5 {[%emt 0:00:17]} e3+ {[%emt 0:00:06]} 60. Kf1 {[%emt 0:00:27]} Bf7 {[%emt 0:00:25]} 61. Kg1 {[%emt 0:01:29]} f2+ {[%emt 0:00:18]} 0-1